000 00615nam a2200205Ia 4500
003 OSt
005 20250304142107.0
008 210210b1971 xxu||||| |||| 00| 0 eng d
040 _cAL
041 _ahin
082 _aH891.4 VADH
100 _aVADKE (Madhukar Sadashiv):
_9203749
110 _bवडके मधुकर सधाशिव
_9203750
245 _aHastakshar kaise sudharein:
_bहस्ताक्षर कैसे सुधारें
260 _aMaharashtra
_bCharushila Madhukar Vadke
_c1971
300 _a74
690 _aHindi Prose
_9203751
906 _a029915
942 _2ddc
_cBK
999 _c81113
_d81113